| 000 | 01594nam a22002417a 4500 | ||
|---|---|---|---|
| 003 | DO-SdBJH | ||
| 005 | 20250314132744.0 | ||
| 008 | 240823b |||||||| |||| 00| 0 spa d | ||
| 040 |
_aDO-SdBJH _bspa _cDO-SdBJH |
||
| 090 |
_aTG ANGM _b02099 2022 |
||
| 100 | 1 |
_aMatos González, Regil Furcy _esustentante |
|
| 245 | 1 | 0 |
_aRol de la Armada de la República Dominicana ante la Pandemia COVID-19; sus variantes y el protocolo del Ministerio de Salud para el control de contagió a los militares en servicio / _cRegil Furcy Matos González, José Alberto Samboy Gómez, asesores Yoel Bello Corporán, Manuel Feliz Ledesma |
| 260 |
_aSanto Domingo Este : _bINSUDE, _c2022 |
||
| 300 | _aix, 50 páginas | ||
| 502 | _aTrabajo de grado (Licenciado en Ciencias Navales). -- Instituto Superior para la Defensa (INSUDE). Academia Naval Marina de Guerra “Vicealmirante Cesar D’Windt Lavandier”, 2022 | ||
| 504 | _aIncluye referencias bibliográficas e índices | ||
| 505 | _aCOVID-19 variantes y protocolo del Ministerio de Salud. -- Factores que afectaron la misión de control de la población de la Armada en su sector de responsabilidad ante la COVID-19. -- Lecciones aprendidas del empleo de la Armada en el control de la poblacional de su sector de responsabilidad ante la COVID-19 | ||
| 700 | 1 |
_aSamboy Gómez, José Alberto _esustentante |
|
| 700 | 1 |
_aBello Corporán, Yoel _easesor |
|
| 700 | 1 |
_aFeliz Ledesma, Manuel _easesor |
|
| 830 | _aINSUDE. Academia Naval Marina de Guerra “Vicealmirante Cesar D’Windt Lavandier”. Tesis y disertaciones académicas | ||
| 942 |
_2CL _cT |
||
| 999 |
_c7807 _d7807 |
||